| 000 | 00359nam a22001457a 4500 | ||
|---|---|---|---|
| 003 | OSt | ||
| 008 | 210205b ||||| |||| 00| 0 eng d | ||
| 020 | _a9789382006480 | ||
| 082 |
_a620.43 _bSUH/IN |
||
| 100 |
_aBhattacharya, Suhas _9262 |
||
| 245 | _aIntroduction to Nanotechnology | ||
| 260 |
_aNew Delhi _bWisdom Press _c2013 |
||
| 300 | _a295 | ||
| 942 | _cBK | ||
| 999 |
_c17331 _d17331 |
||